000 01011nam a22003257a 4500
001 BR8003295
003 BR-BrBNA
005 20230928090620.0
007 ta
008 230509b bl.||||| |||| 00| 0 por d
040 _aBR-BrBNA
_bpor
_cBiblioteca Nacional de Agricultura
041 _a(Por)
072 _aF00; F60
_b0336
_b3575
090 _ 0336 BR8003295
100 1 _aMoraes, M.L.B. de
110 1 _aUniversidade Federal de Vicosa, MG (Brasil)
_0Tese (Magister Scientiae)
245 1 _aEfeitos da velocidade e da posicao do impacto na germinacao e no vigor de sementes de soja (cultivar UFV-2)com diferentes teores de umidade
260 3 _aVicosa, MG (Brasil):
_c1980.
300 _a53 p.
500 _a12 tables; 6 illus.; 33 ref.; Summary (Por)
650 _aProducao vegetal
650 _aFisiologia vegetal
650 _aSoja
650 _aSemente
650 _aGerminacao
650 _aTeste de vigor
650 _aUmidade
909 _a202309
_bLucia
_c55
_dLucia Elande
942 _cBK
999 _c29648
_d29648